| 000 | 00380nam a22001577a 4500 | ||
|---|---|---|---|
| 008 | 230915b |||||||| |||| 00| 0 eng d | ||
| 020 | _a0-07-463349-X | ||
| 082 | _a105.32 | ||
| 100 | _aD Ravichandran | ||
| 245 |
_aProgramming with C++ _cD Ravichandran |
||
| 260 |
_aNew Delhi _bTMG _c1999 |
||
| 300 | _a603 | ||
| 650 | _aBB CSE | ||
| 796 | _aD Ravichandran | ||
| 942 |
_2ddc _cBK |
||
| 999 |
_c20126 _d20126 |
||